00492 a2200169 450000100060000002000150000604000260002110000210004724000390006824500340010730000070014136200090014865000310015794200070018895201100019599900170030549396 a8572084576 cAnchieta - Bela Vista aSypriano, Lilian10aO fabuloso elixir do corajosolpor10aO fabuloso elixir do corajoso a310 a2006 4aLiteratura infanto-juvenil cBK 00104070a91.4b91.4d2023-11-21l0o028.5 S994f SYP FABp2020/BELr2023-11-21 17:41:01w2023-11-21yBK c49396d49396